| 000 | 00870nam a2200229 a 4500 | ||
|---|---|---|---|
| 001 | 68602 | ||
| 003 | BD-RjUL | ||
| 005 | 20211209081805.0 | ||
| 008 | 170404s2005 ii a|||| |||| 001 0 ben d | ||
| 035 | _a(BD-RjUL)68812 | ||
| 040 |
_aBD-RjUL _bben _cBD-RjUL _dBD-RjUL |
||
| 041 | _aben | ||
| 082 |
_223 _a954.92 _bBAN 2005 |
||
| 245 | 1 |
_aবঙ্গভঙ্গ ও সমকালীন বঙ্গসমাজ / _cকমল চৌধুরী |
|
| 260 |
_aকলকাতা : _bদে জ পাবলিশিং, _c২০০৫ [১৪১২] |
||
| 300 |
_a৮৫৬ পৃ. : _bচিত্র. ; _c২২ সেমি. |
||
| 500 | _aনির্ঘন্ট সংযুক্ত | ||
| 651 |
_aবাংলাদেশ _xইতিহাস _9203346 |
||
| 651 |
_aBangladesh _xHistory _9203347 |
||
| 700 | 1 |
_aচৌধুরী, কমল _9203348 |
|
| 942 |
_2ddc _cBK |
||
| 999 |
_c68602 _d68602 |
||